• 首页
  • 本馆介绍
  • 公告通知
  • 最新文献
  • 馆藏检索
  • 电子资源
  • 读者导购
  • 参考咨询
  • 我的图书馆
  • 登录
  • 详细信息显示
  • 放入我的书架
  • 预约/预借图书
  • 作者相关作品
  • 分类相关作品
  • 丛书相关作品
  • 出版社相关作品

书目信息

  • 表格格式
  • 工作单格式
  • 卡片格式
题名:
水资源管理决策支持系统与水源优化利用
    
 
作者: 王文科 著
分册:  
出版信息: 北京   科学出版社  2007
页数: 266页
开本: 24cm
丛书名: 华夏英才基金学术文库
单 册:
中图分类: TV213.4 , TV213.9
科图分类:
主题词: 水资源管理--决策支持系统--研究--陕西省 , 水资源利用--研究--陕西省 , 水资源管理 , 决策支持系统 , 水资源利用
电子资源:
ISBN: 978-7-03-018829-8
000 01440oam2 2200337 450
001 003456405
005 20070805145518.14
010    @a978-7-03-018829-8@dCNY46.00
035    @a003456405
100    @a20070327d2007 em y0chiy0110 ea
101 0  @achi
102    @aCN@b110000
105    @aa z 000yy
106    @ar
200 1  @a水资源管理决策支持系统与水源优化利用@Ashui zi yuan guan li jue ce zhi chi xi tong yu shui yuan you hua li yong@e以关中地区为例@Eyi guan zhong di qu wei li@f王文科[等]著@Fwang wen ke [ deng ] zhu
210    @a北京@c科学出版社@d2007
215    @a266页@c图@d24cm
225 2  @a华夏英才基金学术文库@Ahua xia ying cai ji jin xue shu wen ku
300    @a原地质矿产部青年地质学家基金项目(Qn979809) 国家“九五”科技攻关项目(96-912-05-02-04) 国家自然科学基金项目(40472131)资助出版
330    @a本书利用面向对象的Delphi编程语言开发了关中水资源管理决策支持系统,对关中地区各地市未来25年宏观经济、各行业部门需水量、供需平衡以及可供水量优化配置等问题进行了分析研究,全面系统地提出了关中地区各种水源优化利用的10种模式。
461  0 @1001012002060130@12001 @a华夏英才基金学术文库
606 0  @a水资源管理@x决策支持系统@x研究@y陕西省
606 0  @a水资源利用@x研究@y陕西省
606 0  @a水资源管理
606 0  @a决策支持系统
606 0  @a水资源利用
690    @aTV213.4@v4
690    @aTV213.9@v4
701  0 @a王文科@Awang wen ke@f(1962~)@4著
801  0 @aCN@bNLC@c20070805
905    @dTV213.4@e45@f5
    
    水资源管理决策支持系统与水源优化利用:以关中地区为例/王文科[等]著.-北京:科学出版社,2007
    266页:图;24cm.-(华夏英才基金学术文库)
    原地质矿产部青年地质学家基金项目(Qn979809) 国家“九五”科技攻关项目(96-912-05-02-04) 国家自然科学基金项目(40472131)资助出版
    
    ISBN 978-7-03-018829-8:CNY46.00
    本书利用面向对象的Delphi编程语言开发了关中水资源管理决策支持系统,对关中地区各地市未来25年宏观经济、各行业部门需水量、供需平衡以及可供水量优化配置等问题进行了分析研究,全面系统地提出了关中地区各种水源优化利用的10种模式。
●
相关链接 在E读中查询图书 在五车中查询图书 在当当中查询图书 在豆瓣中查询图书


正题名:水资源管理决策支持系统与水源优化利用     索取号:TV213.4/45         预约/预借

序号 登录号 条形码 馆藏地/架位号 状态 备注
1 0851666   208516667   第二样本阅览室/ [索取号:TV213.4/45] 在馆    
2 0851667   208516676   第三借阅区/ [索取号:TV213.4/45] 在馆    
3 0851668   208516685   第三借阅区/ [索取号:TV213.4/45] 在馆    
4 0851669   208516694   第三借阅区/ [索取号:TV213.4/45] 在馆    
唐山师范学院图书馆 欢迎您!
大连网信软件有限公司© 版权所有